000 00572nam a2200205Ia 4500
003 OSt
005 20230511154058.0
008 210423s2007 xx 000 0 und d
020 _a19568631
040 _cAL
041 _aeng
082 _a574.87
_223
_bNOTE
100 _aNOTARIANNI (Elena);EVANS (Martin).
_9103729
245 _aEmbryonic stem cells: a practical approach.
260 _aNew Delhi
_bOxford University Press
_c2007
300 _axxv,334
_bPB
365 _b895
_cINR
906 _aapproach. ; cells: ; Embryonic ; practical ; stem
942 _2ddc
_cBK
999 _c164314
_d164314